Polskie seriale z lat '90 - Statystyki

Ogólne statystyki
  • Ten quiz został rozwiązany 111 razy
  • Średni wynik to 3 z 7
Statystyki odpowiedzi
Bohater/ Bohaterowie Tytuł serialu % Poprawnych
Karol Krawczyk, Tadeusz Norek Miodowe Lata
100%
Czarek, Kasia, Stępień, Arnie 13 Posterunek
87%
Hanka, Wanda, Dorota, Wiktoria Matki żony i kochanki
44%
Olgierd Halski Ekstradycja
29%
Edward Nowak, Alfred ChodźkoJacek Laskowski, Elizabeth Tygrysy Europy
13%
Oskar, Olaf, Ola Trzy szalone zera
10%
Kuba Zawilski, Jacek Zawilski Tajemnica Sagali
6%
Nie znaleziono quizów pasujących do podanych kryteriów
Rozkład punktacji
Procent ludzi z każdym wynikiem
Percentyl według liczby udzielonych odpowiedzi
Twoja historia wyników
Nie rozwiązałeś tego quizu